Internationalization of digital platforms and consequences on cultural industries: perspectives from the Indian case (notice n° 2209564)
[ vue normale ]
| 000 -LEADER | |
|---|---|
| fixed length control field | 01216cam a2200193 4500500 |
| 005 - DATE AND TIME OF LATEST TRANSACTION | |
| control field | 20260412000248.0 |
| 041 ## - LANGUAGE CODE | |
| Language code of text/sound track or separate title | fre |
| 042 ## - AUTHENTICATION CODE | |
| Authentication code | dc |
| 100 10 - MAIN ENTRY--PERSONAL NAME | |
| Personal name | Ithurbide, Christine |
| Relator term | author |
| 245 00 - TITLE STATEMENT | |
| Title | Internationalization of digital platforms and consequences on cultural industries: perspectives from the Indian case |
| 260 ## - PUBLICATION, DISTRIBUTION, ETC. | |
| Date of publication, distribution, etc. | 2022.<br/> |
| 500 ## - GENERAL NOTE | |
| General note | 45 |
| 520 ## - SUMMARY, ETC. | |
| Summary, etc. | In a globalization context, American digital platforms attempt to impose themselves on the fast-growing Indian market. From the case of the cultural industries, this interview examines their different adaptation and investment strategies in industrial, economic and technological terms. It also focuses on the influence, the relation of power and the hegemony that these platforms have on the film industry and, more broadly, on transformations introduced by digital players in the Indian economy. |
| 700 10 - ADDED ENTRY--PERSONAL NAME | |
| Personal name | Bouquillion, Philippe |
| Relator term | author |
| 700 10 - ADDED ENTRY--PERSONAL NAME | |
| Personal name | Kniaz, Alix |
| Relator term | author |
| 700 10 - ADDED ENTRY--PERSONAL NAME | |
| Personal name | Niedbalec, Arnaud |
| Relator term | author |
| 786 0# - DATA SOURCE ENTRY | |
| Note | Regards croisés sur l'économie | o 30-31 | 1 | 2022-11-22 | p. 230-241 | 1956-7413 |
| 856 41 - ELECTRONIC LOCATION AND ACCESS | |
| Uniform Resource Identifier | <a href="https://shs.cairn.info/journal-regards-croises-sur-l-economie-2022-1-page-230?lang=en&redirect-ssocas=7080">https://shs.cairn.info/journal-regards-croises-sur-l-economie-2022-1-page-230?lang=en&redirect-ssocas=7080</a> |
Pas d'exemplaire disponible.




Réseaux sociaux